| 000 | 00420nam a2200157Ia 4500 | ||
|---|---|---|---|
| 008 | 230917s9999||||xx |||||||||||||| ||und|| | ||
| 020 | _cPOU9.5 | ||
| 040 |
_e3604 _aMAIN |
||
| 041 | _aEnglish | ||
| 082 | _a320.942 B392B | ||
| 100 | _aBeer, Samuel H | ||
| 245 | 0 | _aBritain against itself: The political contradictions of collectivism | |
| 260 |
_aLondon _bFaber and Faber _c1982 |
||
| 300 | _axi, 281 p. | ||
| 942 | _cBK | ||
| 999 |
_c39970 _d39970 |
||